Combien de ville de Creuse (23) connais-tu ? - Statistiques

Statistiques générales
  • Ce quiz a été pris 16 fois
  • Le résultat moyen est 28 sur 256
Statistiques - réponses
Code postal Ville % Correct
23003 Guéret
100%
23200 Aubusson
93%
23400 Bourganeuf
86%
23150 Ahun
79%
23300 Souterraine
79%
23500 Felletin
71%
23600 Boussac
57%
23230 Gouzon
57%
23000 Sainte-Feyre
57%
23320 Saint-Vaury
57%
23800 Dun-le-Palestel
50%
23110 Évaux-les-Bains
50%
23700 Auzances
43%
23210 Bénévent-l'Abbaye
43%
23170 Chambon-sur-Voueize
43%
23000 Saint-Sulpice-le-Guérétois
43%
23160 Crozant
36%
23240 Grand-Bourg
36%
23460 Royère-de-Vassivière
36%
23220 Bonnat
29%
23130 Chénérailles
29%
23290 Fursac
29%
23250 Pontarion
29%
23000 Saint-Fiel
29%
23300 Saint-Maurice-la-Souterraine
29%
23110 Saint-Priest
29%
23380 Ajain
21%
23320 Bussière-Dunoise
21%
23220 Chéniers
21%
23100 Courtine
21%
23260 Crocq
21%
23500 Croze
21%
23340 Faux-la-Montagne
21%
23340 Gentioux-Pigerolles
21%
23140 Jarnages
21%
23150 Lavaveix-les-Mines
21%
23260 Malleret
21%
23700 Mars
21%
23300 Noth
21%
23150 Saint-Pardoux-les-Cards
21%
23250 Sardent
21%
23000 Anzême
14%
23480 Ars
14%
23160 Azerables
14%
23120 Banize
14%
23190 Bellegarde-en-Marche
14%
23600 Boussac-Bourg
14%
23000 Brionne
14%
23800 Celle-Dunoise
14%
23230 Celle-sous-Gouzon
14%
23110 Chambonchard
14%
23220 Champsanglard
14%
23450 Fresselines
14%
23350 Genouillac
14%
23500 Gioux
14%
23600 Lavaufranche
14%
23360 Lourdoueix-Saint-Pierre
14%
23700 Mainsat
14%
23600 Malleret-Boussac
14%
23210 Marsac
14%
23360 Méasnes
14%
23420 Mérinchal
14%
23220 Mortroux
14%
23150 Moutier-d'Ahun
14%
23220 Moutier-Malcard
14%
23600 Nouzerines
14%
23360 Nouzerolles
14%
23350 Nouziers
14%
23200 Saint-Alpinien
14%
23130 Saint-Dizier-la-Tour
14%
23400 Saint-Dizier-Masbaraud
14%
23460 Saint-Pierre-Bellevue
14%
23300 Saint-Priest-la-Feuille
14%
23500 Saint-Quentin-la-Chabanne
14%
23160 Saint-Sébastien
14%
23190 Saint-Silvain-Bellegarde
14%
23460 Saint-Yrieix-la-Montagne
14%
23700 Sermur
14%
23120 Vallière
14%
23340 Villedieu
14%
23700 Arfeuille-Châtain
7%
23210 Arrènes
7%
23170 Auge
7%
23210 Aulon
7%
23260 Basville
7%
23270 Bétête
7%
23140 Blaudeix
7%
23230 Bord-Saint-Georges
7%
23400 Bosmoreau-les-Mines
7%
23220 Bourg-d'Hem
7%
23700 Brousse
7%
23170 Budelière
7%
23700 Bussière-Nouvelle
7%
23240 Chamborand
7%
23700 Chard
7%
23700 Charron
7%
23270 Châtelus-Malvaleix
7%
23200 Chaussade
7%
23500 Clairavaux
7%
23700 Compas
7%
23140 Cressat
7%
23140 Domeyrot
7%
23700 Dontreix
7%
23400 Faux-Mazuras
7%
23100 Féniers
7%
23260 Flayat
7%
23320 Fleurat
7%
23110 Fontanières
7%
23360 Forêt-du-Temple
7%
23480 Fransèches
7%
23320 Gartempe
7%
23380 Glénic
7%
23130 Issoudun-Létrieix
7%
23250 Janaillat
7%
23220 Jouillat
7%
23170 Lépaud
7%
23220 Linard-Malval
7%
23700 Lioux-les-Monges
7%
23240 Lizières
7%
23190 Lupersat
7%
23170 Lussat
7%
23190 Mautes
7%
23320 Montaigut-le-Blanc
7%
23400 Montboucher
7%
23460 Monteil-au-Vicomte
7%
23800 Naillat
7%
23140 Parsac-Rimondeix
7%
23000 Peyrabout
7%
23130 Peyrat-la-Nonière
7%
23270 Roches
7%
23700 Rougnat
7%
23300 Saint-Agnant-de-Versillat
7%
23200 Saint-Amand
7%
23200 Saint-Avit-de-Tardes
7%
23260 Saint-Bard
7%
23270 Saint-Dizier-les-Domaines
7%
23190 Saint-Domet
7%
23500 Sainte-Feyre-la-Montagne
7%
23250 Saint-Georges-la-Pouge
7%
23110 Saint-Julien-la-Genête
7%
23000 Saint-Laurent
7%
23300 Saint-Léger-Bridereix
7%
23130 Saint-Loup
7%
23200 Saint-Maixant
7%
23200 Saint-Marc-à-Frongier
7%
23460 Saint-Marc-à-Loubaud
7%
23430 Saint-Martin-Sainte-Catherine
7%
23260 Saint-Maurice-près-Crocq
7%
23480 Saint-Michel-de-Veisse
7%
23260 Saint-Oradoux-près-Crocq
7%
23200 Saint-Pardoux-le-Neuf
7%
23400 Saint-Pardoux-Morterolles
7%
23240 Saint-Priest-la-Plaine
7%
23600 Saint-Silvain-Bas-le-Roc
7%
23140 Saint-Silvain-sous-Toulx
7%
23480 Saint-Sulpice-les-Champs
7%
23000 Saint-Victor-en-Marche
7%
23110 Sannat
7%
23190 Serre-Bussière-Vieille
7%
23250 Soubrebost
7%
23600 Soumans
7%
23150 Sous-Parsat
7%
23250 Thauron
7%
23600 Toulx-Sainte-Croix
7%
23300 Vareilles
7%
23170 Verneiges
7%
23170 Viersat
7%
23140 Vigeville
7%
23200 Alleyrat
0%
23210 Augères
0%
23400 Auriat
0%
23210 Azat-Châtenet
0%
23160 Bazelat
0%
23260 Beissat
0%
23200 Blessac
0%
23200 Bosroger
0%
23600 Bussière-Saint-Georges
0%
23350 Cellette
0%
23210 Ceyroux
0%
23480 Chamberaud
0%
23220 Chambon-Sainte-Croix
0%
23190 Champagnat
0%
23160 Chapelle-Baloue
0%
23250 Chapelle-Saint-Martial
0%
23000 Chapelle-Taillefert
0%
23700 Châtelard
0%
23430 Châtelus-le-Marcheix
0%
23130 Chauchet
0%
23250 Chavanat
0%
23270 Clugnat
0%
23800 Colondannes
0%
23480 Donzeil
0%
23270 Jalesches
0%
23270 Ladapeyre
0%
23800 Lafat
0%
23150 Lépinas
0%
23600 Leyrat
0%
23260 Magnat-l'Étrange
0%
23800 Maison-Feyne
0%
23150 Maisonnisses
0%
23400 Mansat-la-Courrière
0%
23100 Mas-d'Artige
0%
23150 Mazeirat
0%
23260 Mazière-aux-Bons-Hommes
0%
23210 Mourioux-Vieilleville
0%
23200 Moutier-Rozeille
0%
23200 Néoux
0%
23500 Nouaille
0%
23170 Nouhant
0%
23130 Pierrefitte
0%
23140 Pionnat
0%
23260 Pontcharraud
0%
23250 Pouge
0%
23500 Poussanges
0%
23130 Puy-Malsignat
0%
23110 Reterre
0%
23800 Sagnat
0%
23260 Saint-Agnant-près-Crocq
0%
23400 Saint-Amand-Jartoudeix
0%
23480 Saint-Avit-le-Pauvre
0%
23130 Saint-Chabrais
0%
23000 Saint-Christophe
0%
23000 Saint-Éloi
0%
23500 Saint-Frion
0%
23500 Saint-Georges-Nigremont
0%
23160 Saint-Germain-Beaupré
0%
23430 Saint-Goussaud
0%
23150 Saint-Hilaire-la-Plaine
0%
23250 Saint-Hilaire-le-Château
0%
23130 Saint-Julien-le-Châtel
0%
23400 Saint-Junien-la-Bregère
0%
23000 Saint-Léger-le-Guérétois
0%
23600 Saint-Marien
0%
23150 Saint-Martial-le-Mont
0%
23100 Saint-Martial-le-Vieux
0%
23460 Saint-Martin-Château
0%
23200 Saint-Médard-la-Rochette
0%
23100 Saint-Merd-la-Breuille
0%
23400 Saint-Moreil
0%
23100 Saint-Oradoux-de-Chirouze
0%
23260 Saint-Pardoux-d'Arnet
0%
23430 Saint-Pierre-Chérignat
0%
23600 Saint-Pierre-le-Bost
0%
23400 Saint-Priest-Palus
0%
23320 Saint-Silvain-Montaigut
0%
23800 Saint-Sulpice-le-Dunois
0%
23150 Saint-Yrieix-les-Bois
0%
23000 Saunière
0%
23000 Savennes
0%
23170 Tardes
0%
23350 Tercillat
0%
23230 Trois-Fonds
0%
23250 Vidaillat
0%
23800 Villard
0%
23260 Villeneuve
0%
23260 Villetelle
0%
Aucun quiz correspondant
Distribution des résultats
% des personnes avec chaque résultat
Percentile par nombre de réponses
Votre historique - résultats
Vous n’avez pas pris ce quiz